LEADER 00971nam a2200205 i 4500 001 000000090671 003 CaOOAMICUS 005 20160208000000.0 008 160208s1839 it u000 u ita u 013 $a62913 040 $aSeMil$bita 100 1 $aDegli Oddi, Longaro,$c.$0(OLS)http://semarc/name/40691 245 10$aVita di san Francesco di Girolamo sacerdote professo della Compagnia di Gesł /$cscritta dal padre Longaro Degli Oddi. 260 $aRoma :$bTipografia Salviucci,$c1839. 300 $a238 p., [1] c. di tav. :$britr. ;$c26 cm. 600 14$aGeronimo, Francesco : de .$0(OLS)http://semarc/subject/16575 850 $aSeMil 852 $aSeMil$W1$xVenegono$y1$m3H V 35 FA$j53638$B53638$CSeMilBibl$Z2$F58272 $8I 996 $6245$aVita di san Francesco di Girolamo sacerdote professo della Compagnia di Gesł$9(OLS)http://semarc/title/136667 996 $6260$aRoma :$bTipografia Salviucci$9(OLS)http://semarc/publisher/41606 LEADER 01020nam a2200241 i 4500 001 000000117320 003 CaOOAMICUS 005 20040610000000.0 008 040610s1966 it u000 u ita u 013 $a90009 040 $aSeMil$bita 100 1 $aPisano, Antonio,$d<1395-1455>.$0(OLS)http://semarc/name/48967 245 10$aPisanello /$cRenzo Chiarelli. 260 $aFirenze :$bSadea Sansoni,$ccopyr. 1966. 300 $a39 p., 79 p. di tav. :$bill. ;$c18 cm. 490 0 $aI diamanti dell'arte : biblioteca di pittura, scultura e architettura ;$v7 650 4$aPisanello .$0(OLS)http://semarc/subject/21724 700 1 $aChiarelli, Renzo.$0(OLS)http://semarc/name/48968 830 2$aI diamanti dell'arte ;$v7.$0(OLS)http://semarc/title/15551 850 $aSeMil 852 $aSeMil$W1$xVenegono$y1$m5P I 42$j72710$B72710$CSeMilBibl$Z2$F83734 $81 996 $6245$aPisanello$9(OLS)http://semarc/title/172230 996 $6260$aFirenze :$bSadea Sansoni$9(OLS)http://semarc/publisher/33238